| 000 | 02206nam0a2200433 4500 | ||
|---|---|---|---|
| 001 | RU\NLR\BIBL_A\012767439 | ||
| 005 | 20250624150626.0 | ||
| 010 |
_a978-5-98604-820-8 _9300 |
||
| 021 |
_aRU _b2021-96953 _9КН-П-7762 |
||
| 035 | _a(RuMoRGB)010950746 | ||
| 035 | _a(NLR Aleph) 012767439 | ||
| 090 |
_a13081836 _c13081836 |
||
| 100 | _a20220420d2021 |||y0rusy50 ca | ||
| 101 | 0 | _arus | |
| 102 | _aRU | ||
| 105 | _aach z 000zy | ||
| 181 | 0 |
_ai3 _baxxe |
|
| 181 | 0 |
_ad4 _bbxxa |
|
| 182 | 0 | _an | |
| 182 | 0 | _aa | |
| 200 | 1 |
_aДневники. Письма. Литературное творчество _fВладислав Золотарёв _gсост.: И. Бокаев _gпод общ. ред. Ф. Липса _g[Благотворительный фонд им. М. А. Матренина] |
|
| 203 |
_aТекст _bвизуальный _cнепосредственный |
||
| 203 |
_aМузыка _bисполнительская _cаудио |
||
| 210 |
_aМосква _cПробел-2000 _d2021 |
||
| 215 |
_a818, [1] с., [18] ил., цв. ил., портр., нот., факс. _cнот., портр., факс. _d21 _e2 электрон. опт. диска (CD-ROM) |
||
| 320 | _aБиблиогр. в примеч.: с. 817 | ||
| 320 | _aСписок произведений Вл. Золотарёва: 806-816 | ||
| 327 | 1 | _aСодерж.: Диск 1. Симфонии века / исполняет Фридрих Липс; Диск 2. Шесть детских сюит (1968-1974) / исполняет Фридрих Липс; Произведения разных лет | |
| 600 | 1 |
_aЗолотарев _bВ. А. _f1942 - 1975 _gВладислав Андреевич _92213165 _3RU\NLR\AUTH\6601563099 |
|
| 686 | 1 | _aЩ313(2Р=Рус)7-81Золотарев я44 | |
| 686 | 2 | _aШ6(2=Р)75я44 | |
| 700 | 1 |
_aЗолотарёв _bВ. А. _f1942-1975 _gВладислав Андреевич |
|
| 702 | 1 |
_aБокаев _bИ. В. _f1993- _gИлья Викторович _4220 |
|
| 702 | 1 |
_aЛипс _bФ. Р. _f1948- _gФридрих Робертович _4340 |
|
| 942 | _cBOOK | ||
| 980 | _aNB | ||